|
|
|
|
| LEADER |
00000nab#a22000007a#4500 |
| 001 |
arbauad028001 |
| 003 |
AR-BaUAD |
| 005 |
20250711112304.0 |
| 008 |
970815|||||||||###||||||b###|0###a|spa|| |
| 040 |
|
|
|a AR-BaUAD
|c AR-BaUAD
|b spa
|
| 100 |
|
|
|a Briatore, Virginio
|
| 245 |
|
|
|a Portogallo /
|c Virginio Briatore; Nadia Lionello;
|
| 300 |
0 |
|
|b fot.
|
| 653 |
|
|
|a PORTUGAL
|
| 653 |
|
|
|a SOUSA SANTOS, MARCO
|
| 653 |
|
|
|a SILVA DIAS, PEDRO
|
| 653 |
|
|
|a MOURA, EDUARDO SOUTO DE
|
| 653 |
|
|
|a CUNCA, RAUL
|
| 653 |
|
|
|a VALE, PAULO
|
| 653 |
|
|
|a SIZA, ALVARO
|
| 653 |
|
|
|a PACHECO, JORGE
|
| 653 |
|
|
|a PARRA, PAULO
|
| 653 |
|
|
|a ARTEFACTOS
|
| 653 |
|
|
|a ILUMINACION
|
| 653 |
|
|
|a LAMPARAS
|
| 653 |
|
|
|a MUEBLES
|
| 653 |
|
|
|a MESAS
|
| 653 |
|
|
|a SILLONES
|
| 653 |
|
|
|a CENICEROS
|
| 653 |
|
|
|a FLOREROS
|
| 653 |
|
|
|a PICAPORTES
|
| 653 |
|
|
|a UTENSILIOS
|
| 653 |
|
|
|a HERRAMIENTAS
|
| 653 |
|
|
|a TIJERAS
|
| 653 |
|
|
|a DISEÑO INDUSTRIAL
|
| 700 |
1 |
|
|a Lionello, Nadia
|
| 773 |
0 |
|
|t INTERNI
|g no. 472 [jul.-ago. 1997], p. 130-132
|
| 942 |
|
|
|c ARTI
|
| 952 |
|
|
|0 0
|1 0
|4 0
|7 0
|9 72920
|a AR-BAuAD
|b AR-BAuAD
|d 2025-07-11
|l 0
|p AAQA028001
|r 2025-07-11 11:23:04
|w 2025-07-11
|y ARTI
|
| 990 |
|
|
|a DI199
|b TD
|
| 998 |
|
|
|a AAQ
|b BIBUN76
|
| 999 |
|
|
|c 52593
|d 52593
|